00510nam a2200157 a 45000010005000000030009000050080041000140400028000550820018000831000054001012450074001552600051002293000008002806500027002886500037003156511CO-ViMGA141112s2004 ck r 000 u spa d aCO-ViMGAbspacCO-ViMGA04a352.0861 C6561 aColombia. Contraloría General de la República10aDescentralización en colombia : brealidades, posibilidades, agenda aSantafé de Bogotá : bTercer Mundo, c1994 a2 v14aADMINISTRACION PUBLICA14aDESCENTRALIZACION ADMINISTRATIVA